Statistics for MCU Movies and Shows

Click here to take the quiz!

General Stats

  • This quiz has been taken 17 times
  • The average score is 18 of 32

Answer Stats

HintAnswer% Correct
2008Iron Man
100%
2010Iron Man 2
100%
2008The Incredible Hulk
100%
2011Thor
92%
2011Captain America: The First Avenger
85%
2013Iron Man 3
85%
2014Guardians of the Galaxy
69%
2013Thor: The Dark World
69%
2015Ant-Man
62%
2015Avengers: Age of Ultron
62%
2016Captain America: Civil War
62%
2019Avengers: Endgame
54%
2014Captain America: The Winter Soldier
54%
2019Captain Marvel
54%
2018Black Panther
46%
2016Doctor Strange
46%
2017Guardians of the Galaxy Vol. 2
46%
2012Marvel's The Avengers
46%
2019Spider-Man: Far From Home
46%
2017Spider-Man: Homecoming
46%
2021Spider-Man: No Way Home
46%
2017Thor: Ragnarok
46%
2018Ant-Man and the Wasp
38%
2018Avengers: Infinity War
38%
2021Black Widow
38%
2021Eternals
38%
2021Hawkeye
38%
2021Loki
38%
2021Shang-Chi and the Legend of the Ten Rings
38%
2021The Falcon and the Winter Soldier
38%
2021WandaVision
38%
2021What If...?
38%

Score Distribution

Percentile by Number Answered

Percent of People with Each Score

Your Score History

You have not taken this quiz